[Event "Coupe Niveau 7"]
[Site "www.echecsemail.com"]
[Date "2026.01.21"]
[Round "1"]
[White "Carrighir"]
[Black "Bowandarrow"]
[WhiteElo "2110"]
[BlackElo "2720"]
[Result "1/2-1/2"]
1.e4 c5
2.d4 cxd4
3.c3 dxc3
4.Nb1xc3 Nb8c6
5.Bf1c4 e6
6.Ng1f3 Ng8e7
7.Bc1g5 f6
8.Bg5e3 Ne7g6
9.O-O Bf8e7
10.Qd1e2 Nc6a5
11.Bc4b5 a6
12.Bb5a4 b5
13.Ba4c2 Na5c4
14.b3 Nc4xe3
15.Qe2xe3 Bc8b7
16.Rf1d1 Ra8c8
17.Nf3d4 Be7c5
18.Qe3d2 O-O
19.Nc3e2 Bc5b4
20.Qd2xb4 Qd8b6
21.Ra1c1 Ng6h4
22.Nd4f3 Nh4xf3
23.gxf3 d5
24.exd5 f5
25.Ne2d4 Bb7xd5
26.Nd4xf5 exf5
27.Rd1xd5 Qb6c6
28.Qb4d4 b4
29.Rd5d7 Qc6f6
30.Qd4xf6 Rf8xf6
31.Kf1 Rf6c6
32.Rd7d2 g6
33.Ke1 Rc6c3
34.Ke2 Kg7
35.f4 a5
36.Rd2d7 Kf6
37.Kd2 Rc3f3
38.Rc1f1 Rf3xf4
39.Rd7xh7 Rc8d8
40.Kc1 Rf4f3
41.Rh7a7 Rd8c8
42.Kb1 Rf3c3
43.Rf1c1 Rc3f3
44.Ra7xa5 Rf3xf2
45.Ra5b5 Rf2xh2
46.Rb5xb4 Rc8c5
47.Rb4b6 Ke7
48.Rb6xg6 f4
49.a4 Rc5c3
50.a5 f3
51.Bc2d1 Rc3d3
52.a6 Rd3d2
53.Bd1c2 Rd2xc2
54.Rc1xc2 Rh2xc2
55.Kxc2 f2
56.Rg6g7 Ke6
57.a7 f1Q
58.a8Q Qf1f5
59.Kd2 Qf5f2
60.Kd3 Qf2f1
61.Kc2 Qf1e2
62.Kb1 Qe2d1
63.Ka2 Qd1c2
{ nul }1/2-1/2

[Event "Tournoi n27407"]
[Site "www.echecsemail.com"]
[Date "2026.01.21"]
[Round "1"]
[White "Tiounet"]
[Black "Verson"]
[WhiteElo "1580"]
[BlackElo "1820"]
[Result "0-1"]
1.a3 d5
2.b4 Ng8f6
3.Bc1b2 e6
4.g3 Bf8d6
5.Bf1g2 O-O
6.e3 c6
7.Ng1e2 Nb8d7
8.O-O e5
9.d3 Rf8e8
10.Nb1d2 Nd7f8
11.c4 Bc8g4
12.Rf1e1 Qd8d7
13.Ra1c1 Bg4h3
14.Bg2h1 Qd7f5
15.cxd5 cxd5
16.Qd1b3 Nf6g4
17.Bh1xd5 Qf5xf2
18.Kh1 Qf2xh2
0-1

[Event "Tournoi n27235"]
[Site "www.echecsemail.com"]
[Date "2026.01.21"]
[Round "1"]
[White "Ponaparte"]
[Black "Jmarcboury"]
[WhiteElo "2150"]
[BlackElo "2160"]
[Result "0-1"]
1.e4 c5
2.Ng1f3 Nb8c6
3.Bf1b5 e6
4.Bb5xc6 dxc6
5.O-O Ng8f6
6.Qd1e2 b6
7.c4 Bf8e7
8.Rf1d1 Qd8c7
9.e5 Nf6d7
10.b3 Bc8a6
11.Bc1b2 b5
12.d3 Nd7b6
13.Nb1c3 O-O
14.Qe2e4 b4
15.Nc3e2 Ba6b7
16.Qe4g4 Kh8
17.Ne2f4 a5
18.Nf4h5 Rf8g8
19.Qg4f4 Ra8f8
20.Nf3g5 Be7xg5
21.Qf4xg5 Qc7d8
22.Qg5g3 a4
23.Bb2c1 a3
24.Bc1g5 f6
25.Bg5e3 Nb6d7
26.d4 cxd4
27.Be3xd4 Qd8e8
28.exf6 gxf6
29.Qg3c7 Qe8xh5
30.Qc7xb7 Qh5f3
31.g3 Nd7e5
32.Bd4xe5 fxe5
33.Qb7a7 Rg8g7
34.Qa7c5 h5
35.Rd1f1 h4
36.Qc5e3 hxg3
37.hxg3 Rg7xg3
{ abandon }0-1

[Event "XERTIGNY  VOSGES"]
[Site "www.echecsemail.com"]
[Date "2026.01.21"]
[Round "1"]
[White "Intrigue"]
[Black "Legrillon"]
[WhiteElo "1720"]
[BlackElo "1710"]
[Result "0-1"]
1.e4 e5
2.Ng1f3 Ng8f6
3.Bf1c4 Nf6xe4
4.O-O d6
5.d3 Ne4f6
6.Nb1c3 c6
7.h3 b5
8.Bc4b3 h6
9.a3 Bf8e7
10.Bc1d2 O-O
11.Rf1e1 a5
12.d4 exd4
13.Nf3xd4 Bc8a6
14.Nd4f5 Rf8e8
15.Bd2f4 d5
16.Bf4xb8 Ra8xb8
17.Nf5xe7 Re8xe7
18.Re1xe7 Qd8xe7
19.Qd1e1 Qe7d6
20.Ra1d1 Rb8e8
21.Qe1d2 Ba6b7
22.Rd1e1 d4
23.Re1xe8 Nf6xe8
24.Nc3e4 Qd6e5
25.Qd2d3 a4
26.Bb3a2 c5
27.Ne4g3 Qe5e1
28.Kh2 Qe1xf2
29.Ng3e4 Qf2f4
30.Ne4g3 c4
31.Qd3e2 Ne8f6
32.b3 Bb7d5
33.bxa4 bxa4
34.Ba2xc4 Bd5xc4
35.Qe2xc4 Nf6h5
36.Qc4c8 Kh7
37.Qc8f5 Qf4xf5
38.Ng3xf5 g5
39.Nf5xd4 Nh5f4
40.g3 Nf4d5
41.c4 Nd5c7
42.g4 Nc7a6
43.Kg3 Kg6
44.Nd4b5 Na6c5
45.h4 Nc5e4
46.Kh3 gxh4
47.Kxh4 Ne4c5
48.Nb5c3 f6
49.Nc3e4 Nc5xe4
{ abandon }0-1

[Event "Eq:LES CHATTERBOX-Les enfants de l Atlantide :"]
[Site "www.echecsemail.com"]
[Date "2026.01.21"]
[Round "1"]
[White "Janolapin"]
[Black "Harvir"]
[WhiteElo "1710"]
[BlackElo "1990"]
[Result "0-1"]
1.d4 g6
2.e4 e5
3.Ng1f3 Bf8g7
4.dxe5 Nb8c6
5.e6 dxe6
6.Bf1b5 Qd8xd1
7.Kxd1 Bc8d7
8.c3 a6
9.Bb5d3 e5
10.Bc1e3 O-O-O
11.Nb1d2 Ng8f6
12.Kc2 Nf6g4
13.Rh1e1 Ng4xe3
14.fxe3 Bg7h6
15.h3 Rh8f8
16.g4 f5
17.exf5 gxf5
18.g5 Bh6g7
19.Ra1d1 e4
{ abandon }0-1

[Event "Tournoi n27366"]
[Site "www.echecsemail.com"]
[Date "2026.01.21"]
[Round "1"]
[White "Roxane"]
[Black "Smaug"]
[WhiteElo "1450"]
[BlackElo "1420"]
[Result "0-1"]
1.d4 d5
2.c4 c6
3.e3 Ng8f6
4.Bf1d3 e6
5.Nb1c3 Bf8e7
6.Ng1f3 Nb8d7
7.cxd5 cxd5
8.Bc1d2 b6
9.Qd1a4 O-O
10.O-O a6
11.e4 Bc8b7
12.e5 Nf6h5
13.Qa4c2 g6
14.Bd2h6 Rf8e8
15.Nf3g5 Be7xg5
16.Bh6xg5 Qd8xg5
17.Bd3e2 Nh5f4
18.Be2f3 Ra8c8
19.Qc2d1 Kg7
20.Rf1e1 h5
21.Nc3e2 Nf4h3
22.Kf1 Nh3f4
23.Qd1a4 b5
24.Qa4d1 Rc8c2
25.Ne2xf4 Rc2c4
26.Nf4h3 Qg5h6
27.b3 Rc4c3
28.b4 Nd7b6
29.a3 Nb6c4
30.Bf3e2 Nc4b2
31.Qd1b1 Qh6d2
32.Nh3g1 Nb2a4
33.Be2xh5 Qd2g5
34.Bh5d1 Re8h8
35.Ng1e2 Rc3c8
36.h3 Na4c3
37.Ne2xc3 Rc8c4
38.Nc3e2 Rh8h4
39.Ne2g3 Rc4xd4
40.Qb1c1 Qg5e7
41.Bd1b3 Rd4d3
42.Ra1b1 d4
43.Qc1c2 Rd3c3
44.Qc2d1 Qe7g5
45.Bb3a2 Qg5f4
46.Qd1e2 Rc3xg3
47.Rb1c1 Bb7xg2
48.Kg1 Bg2f3
{ abandon }0-1

[Event "Tournoi n27389"]
[Site "www.echecsemail.com"]
[Date "2026.01.21"]
[Round "1"]
[White "Titi050"]
[Black "Gognol"]
[WhiteElo "1800"]
[BlackElo "1900"]
[Result "0-1"]
1.d4 d5
2.c4 c6
3.Ng1f3 dxc4
4.a4 Bc8e6
5.Nb1c3 a5
6.e3 Qd8b6
7.Nf3e5 Qb6b4
8.Bf1e2 Nb8d7
9.O-O Ra8d8
10.Ne5f3 Nd7f6
11.Qd1c2 g6
12.Bc1d2 Qb4d6
13.e4 Qd6b8
14.Bd2e3 Bf8h6
15.Nf3e5 Bh6xe3
16.fxe3 Ng8h6
17.Be2xc4 Qb8d6
18.Bc4xe6 Qd6xe6
19.d5 cxd5
20.exd5 Nf6xd5
21.Qc2f2 Qe6xe5
{ abandon }0-1

[Event "1001"]
[Site "www.echecsemail.com"]
[Date "2026.01.21"]
[Round "1"]
[White "4x4"]
[Black "Turbo"]
[WhiteElo "1490"]
[BlackElo "1290"]
[Result "1-0"]
1.e4 e5
2.f4 exf4
3.Ng1f3 Bf8c5
4.d4 Bc5b6
5.c3 h6
6.Bc1xf4 d6
7.Nb1d2 Ng8e7
8.Qd1c2 O-O
9.O-O-O Ne7g6
10.Bf4e3 c6
11.g3 d5
12.e5 f6
13.Qc2xg6 Bb6c7
14.Be3f4 f5
15.Bf1h3 Rf8e8
16.Bh3xf5 Bc8xf5
17.Qg6xf5 Nb8d7
18.h4 Re8f8
19.Qf5d3 a5
20.g4 Rf8xf4
21.g5 h5
22.Qd3e3 Qd8f8
23.Rd1f1 g6
24.Kc2 c5
25.Rh1h2 cxd4
26.cxd4 Bc7b6
27.Nd2b3 a4
28.Nb3c5 Ra8c8
29.Kb1 Bb6xc5
30.dxc5 Nd7xc5
31.Qe3d2 Qf8f7
32.Rh2f2 Nc5e4
33.Qd2e2 Qf7f5
34.Nf3d4 Ne4g3
35.Nd4xf5 Ng3xe2
36.Rf2xf4 Ne2xf4
37.Rf1xf4 Rc8d8
38.Nf5d6 Rd8d7
39.Kc2 b6
40.Rf4xa4 Rd7e7
41.Ra4a6 Re7xe5
42.Ra6xb6 Re5e2
43.Kb3 Re2h2
44.Nd6e8 d4
45.Ne8f6 Kf7
46.Rb6b7 Ke6
47.Kc4 Rh2d2
48.Rb7b6 Kf5
49.Rb6d6 Rd2xb2
50.Rd6xd4 Rb2xa2
51.Rd4d6 Ra2h2
52.Rd6d5 Kf4
53.Kc5 Rh2xh4
54.Kd6 Rh4h1
55.Ke7 h4
56.Kf7 h3
57.Kxg6 Rh1g1
58.Nf6h5 Kg4
59.Rd5d4 Kf3
60.Kh6 h2
61.Rd4h4 Kg2
62.Nh5f4 Kg3
63.Nf4e2 Kg2
64.Ne2xg1 hxg1Q
65.Rh4g4 Kf2
66.Rg4xg1 Kxg1
67.g6 { abandon }1-0

[Event "Défi"]
[Site "www.echecsemail.com"]
[Date "2026.01.21"]
[Round "1"]
[White "Gimick"]
[Black "Solnic"]
[WhiteElo "1540"]
[BlackElo "1270"]
[Result "1-0"]
1.e4 e5
2.Bf1c4 Qd8e7
3.Ng1f3 Ng8f6
4.d3 Nf6g4
5.Nf3g5 h6
6.Ng5xf7 Qe7b4
7.Nb1c3 Rh8h7
8.Qd1xg4 h5
9.Qg4g5 Nb8c6
10.Qg5g6 Ke7
11.Qg6xh7 Nc6d4
12.Bc4b3 d6
13.O-O Nd4e2
14.Nc3xe2 Bc8g4
15.Ne2c3 Qb4c5
16.Bc1g5 Ke8
17.Qh7g6 Kd7
18.h3 b5
19.Bb3d5 Ra8b8
20.Qg6e6 Bg4xe6
21.Bg5e3 Qc5b4
22.Bd5b3 Be6xf7
23.Bb3xf7 Qb4xb2
24.Be3xa7 Rb8b7
25.Ba7e3 Qb2xc3
26.Bf7b3 d5
27.exd5 Bf8a3
28.Ra1e1 h4
29.Be3g5 Rb7b6
30.Bg5xh4 Rb6h6
31.Bh4g3 g5
32.Re1xe5 Ba3d6
33.Re5xg5 Bd6e7
34.Rg5g4 Rh6h5
35.a4 b4
36.a5 Qc3h8
37.Rg4xb4 Be7xb4
38.a6 Bb4c5
39.Rf1e1 Rh5g5
40.Bg3f4 Rg5f5
41.Bf4g3 Qh8c3
42.Re1b1 Qc3d2
43.Rb1f1 Bc5a7
44.Bg3h4 Rf5h5
45.Bh4f6 Rh5f5
46.Bf6h4 Qd2h6
47.Bh4g3 Qh6xa6
48.Kh1 Qa6f6
49.f3 Qf6g6
50.Bg3f2 Ba7b8
51.Rf1e1 Rf5f7
52.d6 cxd6
53.Bb3xf7 Qg6xf7
54.c4 Qf7f4
55.Re1e3 d5
56.g3 Qf4h6
57.h4 Bb8a7
58.Re3e2 Qh6c1
59.Kg2 Ba7b8
60.cxd5 Qc1c3
61.d4 Qc3d3
62.Re2b2 Bb8a7
63.Rb2b7 Kd6
64.Rb7xa7 Kxd5
65.Ra7e7 Kd6
66.Re7e5 Qd3g6
67.f4 Qg6f7
68.Kf3 Qf7b3
69.Bf2e3 Qb3b7
70.Kg4 Qb7g7
71.Kh3 Qg7d7
72.g4 Qd7b7
73.g5 Qb7h1
74.Kg4 Qh1g1
75.Be3xg1 { abandon }1-0

[Event "Tetraktus 103"]
[Site "www.echecsemail.com"]
[Date "2026.01.21"]
[Round "1"]
[White "Skalfa"]
[Black "Orosco"]
[WhiteElo "1820"]
[BlackElo "2200"]
[Result "0-1"]
1.e4 e5
2.Ng1f3 Nb8c6
3.Bf1c4 Bf8c5
4.O-O Ng8f6
5.d3 O-O
6.Bc1g5 h6
7.Bg5h4 d6
8.h3 g5
9.Bh4g3 Nc6a5
10.Bc4b3 Na5xb3
11.axb3 a6
12.Nb1d2 Bc8e6
13.c3 c6
14.b4 Bc5b6
15.b3 Kg7
16.c4 a5
17.bxa5 Ra8xa5
18.Qd1c2 Nf6h5
19.Bg3h2 f5
20.b4 Ra5xa1
21.Rf1xa1 f4
22.Kh1 Bb6xf2
23.Nd2b3 Nh5g3
24.Bh2xg3 fxg3
25.d4 g4
26.hxg4 Be6xg4
27.d5 Rf8xf3
28.Nb3d2 Rf3a3
{ abandon }0-1

[Event "Défi"]
[Site "www.echecsemail.com"]
[Date "2026.01.21"]
[Round "1"]
[White "Kaspy"]
[Black "Jenperlatete"]
[WhiteElo "1810"]
[BlackElo "1890"]
[Result "1-0"]
1.e4 e5
2.Ng1f3 Nb8c6
3.Bf1c4 h6
4.Nb1c3 Ng8f6
5.a3 Nc6a5
6.Nf3xe5 Na5xc4
7.Ne5xc4 d5
8.exd5 Qd8e7
9.Qd1e2 Bc8f5
10.Qe2xe7 Bf8xe7
11.d3 O-O-O
12.Nc4e3 Bf5d7
13.Nc3e2 c6
14.dxc6 Bd7xc6
15.O-O g6
16.Ne3c4 Bc6d5
17.Bc1e3 Kb8
18.b3 Nf6g4
19.h3 Ng4xe3
20.fxe3 Be7g5
21.Ne2f4 Bd5xc4
22.bxc4 Rh8e8
23.Nf4d5 Bg5xe3
24.Nd5xe3 Re8xe3
25.Rf1xf7 Rd8e8
26.Rf7f6 Re3e2
27.Rf6xg6 Re2xc2
28.Rg6xh6 Rc2c3
29.Rh6d6 Kc7
30.Rd6d5 Re8e2
31.Ra1f1 Rc3c2
32.Rd5g5 b6
33.Rf1f7 Kc6
34.Rf7f6 Kb7
35.Rg5g7 Ka6
36.Rf6f7 b5
37.Rf7xa7 Kb6
38.Ra7b7 Kc5
39.cxb5 Rc2b2
40.a4 Rb2a2
41.Rb7c7 Kd4
42.Rg7d7 Ke5
43.Rd7e7 Kd6
44.Re7xe2 Ra2xe2
45.b6 Re2a2
46.Rc7a7 Kc6
47.a5 Ra2a3
48.b7 Ra3b3
49.a6 Kc7
50.Ra7a8 Rb3b6
51.Ra8c8 Kd7
52.b8Q Rb6xb8
53.Rc8xb8 { abandon }1-0

[Event "Tournoi échelle champions"]
[Site "www.echecsemail.com"]
[Date "2026.01.21"]
[Round "1"]
[White "Luc20"]
[Black "Elghribi"]
[WhiteElo "1830"]
[BlackElo "1910"]
[Result "0-1"]
1.c4 Ng8f6
2.Nb1c3 g6
3.Ng1f3 Bf8g7
4.d4 O-O
5.Ra1b1 d6
6.g3 Nb8c6
7.Bf1g2 a6
8.O-O e5
9.Bc1g5 exd4
10.Nf3xd4 Nc6e5
11.b3 h6
12.Bg5f4 Nf6h5
13.Bf4d2 f5
14.Bg2d5 Kh7
15.f4 Ne5f7
16.e3 Nh5f6
17.Bd5e6 Qd8e7
18.Be6xc8 Ra8xc8
19.Qd1f3 c6
20.Rb1e1 Nf6e4
21.Nc3xe4 fxe4
22.Qf3g2 d5
23.Nd4c2 Nf7d6
24.c5 Nd6f5
25.b4 h5
26.Re1e2 Qe7f6
27.Rf1b1 Nf5h6
28.Rb1b3 Rc8d8
29.Bd2c3 Qf6e6
30.Bc3xg7 Kxg7
31.Nc2d4 Qe6d7
32.Re2f2 Nh6f5
33.h3 Nf5xd4
34.exd4 Qd7f5
35.Rb3e3 Qf5f6
36.Rf2d2 Rd8d7
37.Kh2 Rd7f7
38.Qg2f1 g5
39.Kg2 gxf4
40.Qf1xf4 Qf6xf4
41.gxf4 Rf7xf4
42.Re3g3 Kh6
43.Rd2e2 h4
44.Rg3g4 Rf4xg4
45.hxg4 Kg5
46.Re2e3 Kxg4
47.Re3h3 Rf8f2
48.Kxf2 Kxh3
49.a4 Kg4
50.Kg2 e3
51.Kh2 e2
{ abandon }0-1

[Event "Tournoi n27323"]
[Site "www.echecsemail.com"]
[Date "2026.01.21"]
[Round "1"]
[White "Jmarcboury"]
[Black "Jetjet91330"]
[WhiteElo "2180"]
[BlackElo "2090"]
[Result "1-0"]
1.d4 d5
2.c4 e6
3.Nb1c3 Ng8f6
4.cxd5 exd5
5.Bc1g5 Bf8e7
6.h3 O-O
7.Ng1f3 c6
8.e3 Nb8d7
9.Bf1d3 Nf6e4
10.Bg5f4 f5
11.O-O Nd7f6
12.Nf3e5 Be7b4
13.Qd1c2 Nf6h5
14.Bf4h2 Nh5f6
15.a3 Bb4e7
16.b4 Bc8e6
17.Nc3e2 Ne4d6
18.Ne2f4 Be6c8
19.a4 Nf6e8
20.Rf1b1 a5
21.b5 cxb5
22.axb5 Ne8f6
23.Rb1c1 Qd8b6
24.Qc2c7 Be7d8
25.Qc7xb6 Bd8xb6
26.Ne5c6 bxc6
27.Rc1xc6 Bb6xd4
28.exd4 Nd6e4
29.b6 Rf8f7
30.Ra1c1 Bc8a6
31.Bd3xa6 { abandon }1-0

[Event "1001"]
[Site "www.echecsemail.com"]
[Date "2026.01.21"]
[Round "1"]
[White "Katastrofic"]
[Black "Mindthegap"]
[WhiteElo "1380"]
[BlackElo "1430"]
[Result "1-0"]
1.e4 e5
2.Bf1c4 Ng8f6
3.d3 c6
4.h3 g6
5.Ng1f3 h6
6.O-O b5
7.Bc4b3 Bc8b7
8.a3 Nb8a6
9.Nf3xe5 Qd8e7
10.Ne5xf7 Rh8g8
11.Nf7d6 Qe7xd6
12.Bb3xg8 Qd6e5
13.c3 Bf8d6
14.f4 Qe5c5
15.d4 Qc5b6
16.e5 Nf6e4
17.exd6 O-O-O
18.Bg8h7 c5
19.Bh7xg6 Rd8g8
20.Bg6xe4 Bb7xe4
21.Rf1f2 Qb6xd6
22.Nb1d2 Qd6g6
23.Nd2xe4 Qg6xe4
24.Qd1e2 Qe4xe2
25.Rf2xe2 Na6c7
26.dxc5 { abandon }1-0

[Event "1001"]
[Site "www.echecsemail.com"]
[Date "2026.01.21"]
[Round "1"]
[White "Mindthegap"]
[Black "Qsdmlk"]
[WhiteElo "1430"]
[BlackElo "1530"]
[Result "0-1"]
1.Ng1f3 d5
2.d4 Bc8g4
3.Nb1c3 Ng8f6
4.Bc1f4 a6
5.Nc3a4 e6
6.Na4c5 Bf8xc5
7.dxc5 Nf6h5
8.Bf4e5 O-O
9.h3 Bg4f5
10.g4 Bf5xc2
11.Qd1c1 Nh5g3
12.Qc1xc2 Ng3xh1
13.h4 Nb8c6
14.Qc2c3 Nc6xe5
15.Nf3xe5 Qd8xh4
16.O-O-O Ra8c8
17.c6 b6
18.Ne5d7 Rf8d8
19.Nd7e5 Nh1xf2
20.Ne5d7 Nf2xd1
21.Nd7e5 Nd1xc3
{ abandon }0-1

[Event "Tournoi n27389"]
[Site "www.echecsemail.com"]
[Date "2026.01.21"]
[Round "1"]
[White "Vvvv"]
[Black "Titi050"]
[WhiteElo "1720"]
[BlackElo "1800"]
[Result "1-0"]
1.e4 e6
2.d4 d5
3.Nb1d2 Ng8f6
4.f3 c5
5.c3 cxd4
6.cxd4 dxe4
7.Bf1b5 Bc8d7
8.Bb5xd7 Nb8xd7
9.fxe4 Bf8b4
10.Qd1e2 Qd8b6
11.Ng1f3 O-O
12.O-O Ra8c8
13.Nd2c4 Qb6a6
14.b3 Rf8d8
15.Bc1d2 Bb4xd2
16.Nf3xd2 Qa6c6
17.Ra1c1 Qc6a6
18.Qe2f3 Nd7f8
19.Qf3g3 Qa6xa2
20.Rc1a1 Qa2c2
21.Rf1xf6 Rc8xc4
22.Nd2xc4 { abandon }1-0

[Event "Marmotte chess  3"]
[Site "www.echecsemail.com"]
[Date "2026.01.21"]
[Round "1"]
[White "Daimyo"]
[Black "4x4"]
[WhiteElo "1390"]
[BlackElo "1500"]
[Result "1-0"]
1.e4 e5
2.Ng1f3 d6
3.Bf1c4 Bc8e6
4.Bc4xe6 fxe6
5.O-O Nb8c6
6.c3 Qd8d7
7.Qd1c2 O-O-O
8.d4 Ng8f6
9.Bc1g5 Bf8e7
10.d5 Nc6b8
11.Nb1d2 c5
12.dxc6 Nb8xc6
13.Rf1c1 h6
14.Bg5h4 g5
15.Bh4g3 Nf6h5
16.Nd2b3 Nh5f4
17.Bg3xf4 gxf4
18.Rc1d1 a6
19.h3 Rd8g8
20.Nb3c5 Qd7c7
21.Nc5xe6 Qc7d7
22.Ne6c5 Qd7c7
23.Nc5e6 Qc7d7
24.Qc2b3 b5
25.Ne6c5 Qd7c7
26.Nc5xa6 Qc7b7
27.Na6b4 Nc6xb4
28.Qb3xb4 Kd7
29.Nf3xe5 Ke6
30.Ne5f3 Rg8g6
31.Nf3d4 Kf7
32.Nd4f5 Rg6f6
33.Rd1xd6 Be7xd6
34.Qb4xd6 Qb7xe4
35.Qd6d7 Kg6
36.Qd7g7 Kh5
37.Qg7g4 1-0

[Event "Coupe Niveau 9"]
[Site "www.echecsemail.com"]
[Date "2026.01.21"]
[Round "1"]
[White "Letyjo"]
[Black "Orosco"]
[WhiteElo "2770"]
[BlackElo "2200"]
[Result "1-0"]
1.e4 e5
2.Ng1f3 Nb8c6
3.Bf1b5 d6
4.Nb1c3 Ng8e7
5.d4 exd4
6.Nf3xd4 a6
7.Bb5e2 Nc6xd4
8.Qd1xd4 Ne7c6
9.Qd4d3 Bf8e7
10.Nc3d5 Be7f6
11.f4 O-O
12.O-O Bf6d4
13.Kh1 f5
14.Be2f3 Bc8e6
15.Bc1d2 Qd8d7
16.Ra1e1 Ra8e8
17.exf5 Be6xf5
18.Qd3b3 Kh8
19.Re1xe8 Rf8xe8
20.Qb3xb7 Re8b8
21.Qb7xa6 Rb8xb2
22.Nd5e3 Nc6b8
23.Qa6a8 Bf5e6
24.h3 c6
25.Rf1e1 h6
26.a3 Rb2b7
27.Ne3g4 Be6d5
28.Bf3xd5 cxd5
29.Re1e8 Qd7xe8
30.Qa8xb7 Nb8c6
31.Qb7b5 Bd4c5
32.a4 Qe8c8
33.a5 Nc6d4
34.Qb5d3 h5
35.Ng4e3 Qc8e6
36.a6 g6
37.Bd2c3 Qe6e4
38.Qd3xe4 dxe4
39.Ne3c4 Kg8
40.Nc4xd6 Bc5xd6
41.Bc3xd4 { abandon }1-0

[Event "XERTIGNY  VOSGES"]
[Site "www.echecsemail.com"]
[Date "2026.01.21"]
[Round "1"]
[White "Legrillon"]
[Black "Casisimed"]
[WhiteElo "1710"]
[BlackElo "1620"]
[Result "1-0"]
1.e4 e5
2.Ng1f3 Ng8f6
3.Bf1c4 Bf8c5
4.Nf3xe5 O-O
5.d4 Bc5b6
6.Nb1c3 d6
7.Ne5f3 Bc8g4
8.h3 Bg4h5
9.O-O Nb8c6
10.Bc1e3 Rf8e8
11.Bc4d3 Nc6b4
12.a3 Nb4xd3
13.cxd3 c5
14.d5 Ra8c8
15.g3 Qd8d7
16.Kg2 c4
17.Be3xb6 axb6
18.Qd1d2 Bh5xf3
19.Kxf3 Qd7xh3
20.Rf1h1 Qh3g4
21.Kg2 Nf6h5
22.Rh1h4 Qg4g6
23.Ra1h1 Re8e5
24.Qd2d1 Re5g5
25.Rh4xh5 cxd3
26.Rh5xh7 Qg6xh7
27.Rh1xh7 Kxh7
28.Qd1xd3 Rc8c5
29.e5 g6
30.exd6 Kg7
31.Qd3d4 f6
32.d7 { abandon }1-0

[Event "Défi( 10J+24H/c 10J Max )"]
[Site "www.echecsemail.com"]
[Date "2026.01.21"]
[Round "1"]
[White "Chesslife"]
[Black "Gonzok67"]
[WhiteElo "1680"]
[BlackElo "1870"]
[Result "1-0"]
1.e4 c5
2.Bf1c4 Nb8c6
3.Ng1f3 a6
4.O-O e6
5.d4 b5
6.Bc4e2 g6
7.Bc1e3 cxd4
8.Nf3xd4 Bc8b7
9.Nb1c3 Bf8g7
10.Nd4xc6 Bb7xc6
11.a3 Ng8e7
12.h3 O-O
13.Qd1d2 Bg7xc3
14.Qd2xc3 Ra8c8
15.Be3h6 f6
16.Ra1d1 Rf8f7
17.Be2f3 Bc6xe4
18.Qc3e3 Be4xc2
19.Rd1d2 Ne7f5
20.Qe3e2 Bc2b3
21.Bf3b7 Bb3c4
22.Qe2e1 Nf5xh6
23.Bb7xc8 Bc4xf1
24.Bc8xd7 Rf7xd7
25.Qe1xe6 Nh6f7
26.Rd2xd7 Qd8f8
27.Kxf1 f5
28.Rd7e7 Kg7
29.Qe6e5 Kh6
30.Qe5f6 Qf8d8
31.Qf6h4 Kg7
32.Re7xf7 Kxf7
33.Qh4xd8 { abandon }1-0

[Event "Défi( 10J+24H/c 10J Max )"]
[Site "www.echecsemail.com"]
[Date "2026.01.21"]
[Round "1"]
[White "Berjay"]
[Black "Snarf"]
[WhiteElo "1710"]
[BlackElo "1740"]
[Result "0-1"]
1.e4 e5
2.Ng1f3 Nb8c6
3.Bf1c4 h6
4.d3 Bf8b4
5.c3 Bb4a5
6.d4 exd4
7.Nf3xd4 Qd8f6
8.Nd4f5 d6
9.Nf5e3 Nc6e5
10.Ne3d5 Qf6g6
11.b4 Ba5b6
12.O-O Ne5xc4
13.Nd5f4 Qg6f6
14.Nf4h5 Qf6e5
15.Rf1e1 Ng8f6
16.Nh5xg7 Kf8
17.Ng7f5 Bc8xf5
18.exf5 Qe5xf5
19.Qd1e2 Nc4e5
20.Nb1a3 Rh8g8
21.Bc1xh6 Ke7
22.Re1f1 Nf6g4
23.Bh6d2 Rg8h8
24.h3 Ng4f6
25.Rf1d1 Nf6e4
26.Bd2e3 Ne4xc3
27.Qe2d2 Nc3xd1
28.Ra1xd1 Kd7
29.Na3b5 Rh8xh3
30.Qd2d5 Rh3h8
31.Qd5xb7 Qf5h5
32.Kf1 Qh5xd1
0-1

[Event "Défi"]
[Site "www.echecsemail.com"]
[Date "2026.01.21"]
[Round "1"]
[White "Tartu"]
[Black "Wenoketo"]
[WhiteElo "1720"]
[BlackElo "1670"]
[Result "1-0"]
1.e4 c6
2.Ng1f3 e6
3.d4 d5
4.Nb1c3 dxe4
5.Nc3xe4 Nb8d7
6.Bf1d3 Bf8e7
7.O-O Ng8f6
8.Ne4xf6 Nd7xf6
9.c3 O-O
10.Rf1e1 h6
11.h3 Be7d6
12.Nf3e5 Nf6d7
13.Ne5xd7 Bc8xd7
14.Bc1e3 Ra8c8
15.b4 Bd6b8
16.a4 Qd8c7
17.g3 e5
18.Kg2 exd4
19.Be3xd4 b6
20.Ra1c1 Rf8e8
21.Qd1h5 Re8xe1
22.Rc1xe1 Qc7d8
23.Bd3a6 Bd7e6
24.Ba6xc8 Qd8xc8
25.Bd4e5 Bb8xe5
26.Re1xe5 Qc8d8
27.Qh5e2 Kf8
28.h4 Qd8a8
29.Kh2 Be6d5
30.c4 Bd5e6
31.c5 bxc5
32.Re5xc5 Be6d5
33.a5 a6
34.Qe2e5 Qa8b7
35.Qe5d6 Kg8
36.Rc5c1 Qb7a8
37.Rc1e1 Qa8f8
38.Qd6xf8 Kxf8
39.f4 f6
40.g4 Kf7
41.Kg3 g6
42.f5 g5
43.hxg5 hxg5
44.Kf2 Bd5c4
45.Re1e4 Bc4d5
46.Re4d4 Ke7
47.Ke3 Kd6
48.Kd3 Ke5
49.Kc3 Bd5e4
50.Kc4 Be4d5
51.Kc5 Bd5g2
52.Rd4d2 Bg2d5
53.Kb6 { abandon }1-0

[Event "Défi"]
[Site "www.echecsemail.com"]
[Date "2026.01.21"]
[Round "1"]
[White "Berjay"]
[Black "Pierre1"]
[WhiteElo "1700"]
[BlackElo "1760"]
[Result "0-1"]
1.e4 e5
2.Ng1f3 f5
3.d3 Nb8c6
4.Bc1g5 Bf8e7
5.Qd1d2 Ng8f6
6.Nb1c3 d6
7.Bg5xf6 Be7xf6
8.g3 O-O
9.Bf1g2 f4
10.gxf4 exf4
11.Qd2xf4 Bf6xc3
12.bxc3 Rf8xf4
13.O-O Qd8f6
14.Nf3d2 Rf4g4
15.f3 Rg4xg2
16.Kxg2 Qf6g5
17.Kf2 Qg5xd2
18.Kg1 Qd2xc2
19.d4 Bc8h3
{ abandon }0-1

[Event "La Diagonale du fou 9"]
[Site "www.echecsemail.com"]
[Date "2026.01.21"]
[Round "1"]
[White "Blackbishop"]
[Black "Foxie519"]
[WhiteElo "1830"]
[BlackElo "1710"]
[Result "1-0"]
1.e4 e6
2.Ng1f3 d6
3.d4 h6
4.Bf1d3 g6
5.Bc1e3 Bf8g7
6.c4 Ng8e7
7.Nb1c3 O-O
8.Qd1d2 f5
9.exf5 Ne7xf5
10.Bd3xf5 exf5
11.O-O-O Kh7
12.h4 Nb8d7
13.h5 g5
14.Qd2d3 Nd7b6
15.g4 Kh8
16.d5 f4
17.Be3d4 Bc8xg4
18.Bd4xg7 Kxg7
19.Qd3g6 Kh8
20.Qg6xh6 Kg8
21.Qh6g6 Kh8
22.Nf3xg5 Bg4xd1
23.Qg6h7 1-0

[Event "Défi"]
[Site "www.echecsemail.com"]
[Date "2026.01.21"]
[Round "1"]
[White "Anumisme"]
[Black "Kerenor"]
[WhiteElo "1220"]
[BlackElo "1600"]
[Result "0-1"]
1.d4 d5
2.Nb1c3 h6
3.Bc1f4 a6
4.e3 Nb8c6
5.Bf1d3 e6
6.Ng1f3 Bf8b4
7.a3 Bb4xc3
8.bxc3 Ng8f6
9.Qd1d2 Bc8d7
10.O-O Nf6e4
11.Bd3xe4 dxe4
12.Nf3e5 O-O
13.g3 Nc6xe5
14.Bf4xe5 Bd7b5
15.Rf1b1 f6
16.a4 Bb5c6
17.Be5f4 Qd8e7
18.c4 e5
19.d5 Bc6d7
20.Rb1xb7 exf4
21.Rb7xc7 Qe7e8
22.exf4 Bd7g4
23.Qd2b4 Bg4f3
24.Rc7e7 Qe8c8
25.d6 Qc8h3
26.Re7xg7 Kxg7
27.Qb4b7 Kg8
28.Ra1d1 Qh3g2
0-1

[Event "Tournoi n27359"]
[Site "www.echecsemail.com"]
[Date "2026.01.21"]
[Round "1"]
[White "Onetwoyve"]
[Black "Legrillon"]
[WhiteElo "1870"]
[BlackElo "1720"]
[Result "1-0"]
1.e4 e5
2.Ng1f3 d6
3.Bf1c4 h6
4.d4 Bf8e7
5.Bc1e3 Bc8g4
6.Nb1d2 c6
7.c3 b5
8.Bc4b3 a5
9.a4 Ng8f6
10.Qd1c2 O-O
11.dxe5 dxe5
12.Nf3xe5 bxa4
13.Ra1xa4 Be7d6
14.Ne5xg4 Nf6xg4
15.Qc2d3 Qd8e7
16.h3 Ng4e5
17.Qd3e2 c5
18.O-O Qe7f6
19.f4 Ne5g6
20.e5 Bd6xe5
21.fxe5 Qf6xe5
22.Ra4e4 Qe5c7
23.Bb3d5 Ra8a7
24.Nd2b3 Nb8d7
25.Qe2h5 Nd7f6
26.Rf1xf6 Kh7
27.Rf6c6 Qc7g3
28.Nb3xc5 Qg3e1
29.Kh2 Qe1f1
30.Bd5xf7 Qf1xf7
31.Re4g4 Ra7e7
32.Be3d4 Rf8e8
33.Rg4xg6 Qf7f4
34.Rg6g3 Qf4d2
35.Rc6g6 Qd2f4
36.Qh5g4 Qf4xg4
37.Rg3xg4 Re8a8
38.Bd4xg7 { abandon }1-0

[Event "Défi( 10J+24H/c 10J Max )"]
[Site "www.echecsemail.com"]
[Date "2026.01.21"]
[Round "1"]
[White "Hinnol"]
[Black "Mimi66"]
[WhiteElo "1990"]
[BlackElo "1370"]
[Result "1-0"]
1.d4 d5
2.e4 e6
3.e5 f6
4.Bf1d3 fxe5
5.Qd1h5 g6
6.Bd3xg6 Kd7
7.dxe5 hxg6
8.Qh5xh8 Ng8h6
9.Qh8h7 Kc6
10.Bc1xh6 Bf8xh6
11.Qh7xh6 b5
12.Ng1f3 Bc8a6
13.Nf3d4 Kc5
14.Nd4xe6 { abandon }1-0

[Event "Tournoi n27364"]
[Site "www.echecsemail.com"]
[Date "2026.01.21"]
[Round "1"]
[White "Geantvert"]
[Black "Mojo"]
[WhiteElo "1870"]
[BlackElo "2010"]
[Result "0-1"]
1.c4 e5
2.Nb1c3 Bf8c5
3.e3 Ng8f6
4.Bf1d3 d5
5.cxd5 Nf6xd5
6.Bd3e2 Bc8e6
7.d3 Bc5b4
8.Bc1d2 O-O
9.Ng1f3 Bb4d6
10.O-O h6
11.d4 exd4
12.Nf3xd4 c5
13.Nd4xe6 fxe6
14.Nc3e4 Bd6xh2
15.Kxh2 Qd8h4
16.Kg1 Qh4xe4
17.Be2f3 Qe4e5
18.b3 Nb8d7
19.Ra1c1 b6
20.Rc1c2 Rf8f7
21.Bd2c1 Ra8f8
22.Bc1b2 Qe5g5
23.Kh1 Nd5b4
24.Rc2d2 Nd7e5
25.Bb2xe5 Qg5xe5
26.Rd2d8 Nb4xa2
27.Rd8xf8 Rf7xf8
28.Qd1d7 Rf8f7
29.Qd7d2 Na2b4
30.Bf3e2 Nb4c6
31.Be2b5 Nc6a5
32.Bb5c4 Na5xc4
33.bxc4 a5
34.Rf1b1 Qe5e4
35.Qd2d8 Kh7
36.Qd8xb6 Rf7xf2
{ abandon }0-1

[Event "Défi"]
[Site "www.echecsemail.com"]
[Date "2026.01.21"]
[Round "1"]
[White "Voyageur"]
[Black "Speedyfil"]
[WhiteElo "1640"]
[BlackElo "1430"]
[Result "0-1"]
1.d4 d5
2.c4 c6
3.e3 Ng8f6
4.Ng1f3 Bc8f5
5.cxd5 Qd8xd5
6.Nb1c3 Qd5a5
7.Bc1d2 h6
8.Nc3e4 Qa5b6
9.Ne4xf6 exf6
10.Bf1c4 Bf8e7
11.Qd1b3 O-O
12.Qb3xb6 axb6
13.O-O-O b5
14.Bc4b3 Bf5e6
15.Bb3xe6 fxe6
16.Kb1 Nb8d7
17.Rd1c1 Nd7b6
18.Nf3h4 Kh7
19.f4 Nb6c4
20.Nh4f3 Ra8a6
21.b3 Be7a3
22.bxc4 Ba3xc1
23.cxb5 Ra6b6
24.Kxc1 Rb6xb5
25.Bd2c3 Rf8a8
26.Kd2 Ra8xa2
27.Kd3 Rb5b3
28.Nf3d2 Rb3a3
29.Rh1b1 b5
30.g4 f5
31.gxf5 exf5
32.h4 Kg6
33.Rb1g1 Kf6
34.d5 Ke7
35.Rg1xg7 Kd6
36.dxc6 b4
37.c7 Ra3xc3
38.Ke2 Rc3xc7
39.Rg7g6 Kd7
40.Rg6g7 Kc6
41.Rg7g6 Kb7
42.Rg6xh6 b3
43.Kd3 b2
44.Nd2b1 Ra2a1
45.Nb1c3 Rc7xc3
46.Kxc3 b1Q
47.Rh6h7 Ka6
48.Rh7h6 Kb5
{ abandon }0-1